书目信息 |
| 题名: |
平面几何问题集及其解答
|
|
| 作者: | B.B.波拉索洛夫 著 ;周春荔、张同君 著 | |
| 分册: | ||
| 出版信息: | 长春 东北师范大学出版社 1988 |
|
| 页数: | 511页 | |
| 开本: | 20cm | |
| 丛书名: | 中国数学奥林匹克 | |
| 单 册: | ||
| 中图分类: | O123-44 | |
| 科图分类: | ||
| 主题词: | 初等数学 | |
| 电子资源: | ||
| ISBN: | 7-5602-0105-9 | |
| 000 | 00769nam0 2200217 450 | |
| 001 | 0732828906 | |
| 005 | 20070903090708.90 | |
| 010 | @a7-5602-0105-9@d¥3.50 | |
| 100 | @a20070903d km y0chiy0120 ea | |
| 101 | 0 | @achi |
| 200 | 1 | @a平面几何问题集及其解答@Aping mian ji he wen ti ji ji qi jie da@f(俄)B.B.波拉索洛夫著@F(e)B.B.bo la suo luo fu zhu@g周春荔、张同君著@Gzhou chun li、zhang tong jun zhu |
| 210 | @a长春@c东北师范大学出版社@d1988 | |
| 215 | @a511页@d20cm | |
| 225 | 2 | @a中国数学奥林匹克 |
| 410 | 0 | @12001 @a中国数学奥林匹克 |
| 606 | 0 | @a初等数学 |
| 690 | @aO123-44@v3 | |
| 701 | 0 | @aB.B.波拉索洛夫@AB.B.bo la suo luo fu@4著 |
| 702 | 0 | @a周春荔、张同君@Azhou chun li、zhang tong jun@4著 |
| 801 | 0 | @aCN@bPFT@c20070903 |
| 905 | @a213230@dO123-44@eS202@f1 | |
| 平面几何问题集及其解答/(俄)B.B.波拉索洛夫著/周春荔、张同君著.-长春:东北师范大学出版社,1988 |
| 511页;20cm.-(中国数学奥林匹克) |
| ISBN 7-5602-0105-9:¥3.50 |
| ● |
| 相关链接 |
|
|
|
|
正题名:平面几何问题集及其解答
索取号:O123-44/S202
 
预约/预借
| 序号 | 登录号 | 条形码 | 馆藏地/架位号 | 状态 | 备注 |
| 1 | 6700601 | 267006018 | 密集书库-数信学院/ [索取号:O123-44/S202] | 在馆 | |
| 2 | 6700602 | 267006027 | 密集书库-数信学院/ [索取号:O123-44/S202] | 在馆 |